<?xml version="1.0" encoding="UTF-8"?>
<collection xmlns="http://www.loc.gov/MARC21/slim">
 <record>
  <leader>04279cam a22006855a 4500</leader>
  <controlfield tag="001">1/43031</controlfield>
  <controlfield tag="008">121015s2001    enk           001 0 eng  </controlfield>
  <datafield tag="020" ind1=" " ind2=" ">
   <subfield code="a">9780495015086</subfield>
  </datafield>
  <datafield tag="020" ind1=" " ind2=" ">
   <subfield code="a">0495015083</subfield>
  </datafield>
  <datafield tag="035" ind1=" " ind2=" ">
   <subfield code="l">45911</subfield>
  </datafield>
  <datafield tag="040" ind1=" " ind2=" ">
   <subfield code="a">DLC</subfield>
   <subfield code="c">GR-PeUP</subfield>
  </datafield>
  <datafield tag="082" ind1="0" ind2="0">
   <subfield code="a">658.403 CLE</subfield>
  </datafield>
  <datafield tag="100" ind1="1" ind2=" ">
   <subfield code="a">Clemen, Robert T.</subfield>
   <subfield code="q">(Robert Taylor),</subfield>
   <subfield code="d">1952-</subfield>
  </datafield>
  <datafield tag="245" ind1="1" ind2="0">
   <subfield code="a">Making hard decisions with decision tools /</subfield>
   <subfield code="c">Robert T. Clemen, Terence Reilly.</subfield>
  </datafield>
  <datafield tag="260" ind1=" " ind2=" ">
   <subfield code="a">Mason, OH :</subfield>
   <subfield code="b">South-Wester/Cengage Learning,</subfield>
   <subfield code="c">2001.</subfield>
  </datafield>
  <datafield tag="300" ind1=" " ind2=" ">
   <subfield code="a">xxv, 733 σ. :</subfield>
   <subfield code="b">διαγρ. ;</subfield>
   <subfield code="c">23 εκ.+</subfield>
   <subfield code="e">2 οπτικούς δίσκους Η/Υ.</subfield>
  </datafield>
  <datafield tag="500" ind1=" " ind2=" ">
   <subfield code="a">Περιέχει ευρετήριο.</subfield>
  </datafield>
  <datafield tag="650" ind1=" " ind2="4">
   <subfield code="a">Decision making.</subfield>
  </datafield>
  <datafield tag="650" ind1=" " ind2="4">
   <subfield code="a">Decision Tools.</subfield>
  </datafield>
  <datafield tag="650" ind1=" " ind2="4">
   <subfield code="a">Decision making</subfield>
   <subfield code="x">Computer programs.</subfield>
  </datafield>
  <datafield tag="700" ind1="1" ind2=" ">
   <subfield code="a">Reilly, Terence.</subfield>
  </datafield>
  <datafield tag="852" ind1=" " ind2=" ">
   <subfield code="a">INST</subfield>
   <subfield code="b">UNIPILB</subfield>
   <subfield code="c">MAIN</subfield>
   <subfield code="e">20121015</subfield>
   <subfield code="h">658.403 CLE</subfield>
   <subfield code="p">00166258</subfield>
   <subfield code="q">00166258</subfield>
   <subfield code="t">BIO</subfield>
   <subfield code="y">0</subfield>
   <subfield code="4">12</subfield>
  </datafield>
  <datafield tag="852" ind1=" " ind2=" ">
   <subfield code="a">INST</subfield>
   <subfield code="b">UNIPILB</subfield>
   <subfield code="c">MAIN</subfield>
   <subfield code="e">20121015</subfield>
   <subfield code="h">658.403 CLE</subfield>
   <subfield code="p">00166259</subfield>
   <subfield code="q">00166259</subfield>
   <subfield code="t">BIO</subfield>
   <subfield code="y">0</subfield>
   <subfield code="4">11</subfield>
  </datafield>
  <datafield tag="852" ind1=" " ind2=" ">
   <subfield code="a">INST</subfield>
   <subfield code="b">UNIPILB</subfield>
   <subfield code="c">MAIN</subfield>
   <subfield code="e">20121015</subfield>
   <subfield code="h">658.403 CLE</subfield>
   <subfield code="p">00166260</subfield>
   <subfield code="q">00166260</subfield>
   <subfield code="t">BIO</subfield>
   <subfield code="y">0</subfield>
   <subfield code="4">2</subfield>
  </datafield>
  <datafield tag="852" ind1=" " ind2=" ">
   <subfield code="a">INST</subfield>
   <subfield code="b">UNIPILB</subfield>
   <subfield code="c">MAIN</subfield>
   <subfield code="e">20121015</subfield>
   <subfield code="h">658.403 CLE</subfield>
   <subfield code="p">00166261</subfield>
   <subfield code="q">00166261</subfield>
   <subfield code="t">BIO</subfield>
   <subfield code="y">0</subfield>
   <subfield code="4">3</subfield>
  </datafield>
  <datafield tag="852" ind1=" " ind2=" ">
   <subfield code="a">INST</subfield>
   <subfield code="b">UNIPILB</subfield>
   <subfield code="c">MAIN</subfield>
   <subfield code="e">20121015</subfield>
   <subfield code="h">658.403 CLE</subfield>
   <subfield code="p">00166262</subfield>
   <subfield code="q">00166262</subfield>
   <subfield code="t">BIO</subfield>
   <subfield code="y">0</subfield>
   <subfield code="4">16</subfield>
  </datafield>
  <datafield tag="852" ind1=" " ind2=" ">
   <subfield code="a">INST</subfield>
   <subfield code="b">UNIPILB</subfield>
   <subfield code="c">MAIN</subfield>
   <subfield code="e">20121015</subfield>
   <subfield code="h">658.403 CLE</subfield>
   <subfield code="p">00166263</subfield>
   <subfield code="q">00166263</subfield>
   <subfield code="t">BIO</subfield>
   <subfield code="y">0</subfield>
   <subfield code="4">15</subfield>
  </datafield>
  <datafield tag="852" ind1=" " ind2=" ">
   <subfield code="a">INST</subfield>
   <subfield code="b">UNIPILB</subfield>
   <subfield code="c">MAIN</subfield>
   <subfield code="e">20121015</subfield>
   <subfield code="h">658.403 CLE</subfield>
   <subfield code="p">00166264</subfield>
   <subfield code="q">00166264</subfield>
   <subfield code="t">BIO</subfield>
   <subfield code="y">0</subfield>
   <subfield code="4">14</subfield>
  </datafield>
  <datafield tag="852" ind1=" " ind2=" ">
   <subfield code="a">INST</subfield>
   <subfield code="b">UNIPILB</subfield>
   <subfield code="c">MAIN</subfield>
   <subfield code="e">20121015</subfield>
   <subfield code="h">658.403 CLE</subfield>
   <subfield code="p">00166265</subfield>
   <subfield code="q">00166265</subfield>
   <subfield code="t">BIO</subfield>
   <subfield code="y">0</subfield>
   <subfield code="4">13</subfield>
  </datafield>
  <datafield tag="852" ind1=" " ind2=" ">
   <subfield code="a">INST</subfield>
   <subfield code="b">UNIPILB</subfield>
   <subfield code="c">MAIN</subfield>
   <subfield code="e">20121015</subfield>
   <subfield code="h">658.403 CLE</subfield>
   <subfield code="p">00166266</subfield>
   <subfield code="q">00166266</subfield>
   <subfield code="t">BIO</subfield>
   <subfield code="y">0</subfield>
   <subfield code="4">8</subfield>
  </datafield>
  <datafield tag="852" ind1=" " ind2=" ">
   <subfield code="a">INST</subfield>
   <subfield code="b">UNIPILB</subfield>
   <subfield code="c">MAIN</subfield>
   <subfield code="e">20121015</subfield>
   <subfield code="h">658.403 CLE</subfield>
   <subfield code="p">00166267</subfield>
   <subfield code="q">00166267</subfield>
   <subfield code="t">BIO</subfield>
   <subfield code="y">4</subfield>
   <subfield code="x">20171110</subfield>
   <subfield code="4">9</subfield>
  </datafield>
  <datafield tag="852" ind1=" " ind2=" ">
   <subfield code="a">INST</subfield>
   <subfield code="b">UNIPILB</subfield>
   <subfield code="c">MAIN</subfield>
   <subfield code="e">20121015</subfield>
   <subfield code="h">658.403 CLE</subfield>
   <subfield code="p">00166268</subfield>
   <subfield code="q">00166268</subfield>
   <subfield code="t">BIO</subfield>
   <subfield code="y">0</subfield>
   <subfield code="4">10</subfield>
  </datafield>
  <datafield tag="852" ind1=" " ind2=" ">
   <subfield code="a">INST</subfield>
   <subfield code="b">UNIPILB</subfield>
   <subfield code="c">MAIN</subfield>
   <subfield code="e">20121015</subfield>
   <subfield code="h">658.403 CLE</subfield>
   <subfield code="p">00166269</subfield>
   <subfield code="q">00166269</subfield>
   <subfield code="t">BIO</subfield>
   <subfield code="y">0</subfield>
   <subfield code="4">1</subfield>
  </datafield>
  <datafield tag="852" ind1=" " ind2=" ">
   <subfield code="a">INST</subfield>
   <subfield code="b">UNIPILB</subfield>
   <subfield code="c">MAIN</subfield>
   <subfield code="e">20121015</subfield>
   <subfield code="h">658.403 CLE</subfield>
   <subfield code="p">00166270</subfield>
   <subfield code="q">00166270</subfield>
   <subfield code="t">BIO</subfield>
   <subfield code="y">0</subfield>
   <subfield code="4">4</subfield>
  </datafield>
  <datafield tag="852" ind1=" " ind2=" ">
   <subfield code="a">INST</subfield>
   <subfield code="b">UNIPILB</subfield>
   <subfield code="c">MAIN</subfield>
   <subfield code="e">20121015</subfield>
   <subfield code="h">658.403 CLE</subfield>
   <subfield code="p">00166271</subfield>
   <subfield code="q">00166271</subfield>
   <subfield code="t">BIO</subfield>
   <subfield code="y">0</subfield>
   <subfield code="4">5</subfield>
  </datafield>
  <datafield tag="852" ind1=" " ind2=" ">
   <subfield code="a">INST</subfield>
   <subfield code="b">UNIPILB</subfield>
   <subfield code="c">MAIN</subfield>
   <subfield code="e">20121015</subfield>
   <subfield code="h">658.403 CLE</subfield>
   <subfield code="p">00166272</subfield>
   <subfield code="q">00166272</subfield>
   <subfield code="t">BIO</subfield>
   <subfield code="y">0</subfield>
   <subfield code="4">6</subfield>
  </datafield>
  <datafield tag="852" ind1=" " ind2=" ">
   <subfield code="a">INST</subfield>
   <subfield code="b">UNIPILB</subfield>
   <subfield code="c">MAIN</subfield>
   <subfield code="e">20121015</subfield>
   <subfield code="h">658.403 CLE</subfield>
   <subfield code="p">00166273</subfield>
   <subfield code="q">00166273</subfield>
   <subfield code="t">BIO</subfield>
   <subfield code="y">0</subfield>
   <subfield code="4">7</subfield>
  </datafield>
  <datafield tag="852" ind1=" " ind2=" ">
   <subfield code="a">INST</subfield>
   <subfield code="b">UNIPILB</subfield>
   <subfield code="c">MAIN</subfield>
   <subfield code="e">20121015</subfield>
   <subfield code="h">658.403 CLE</subfield>
   <subfield code="p">00166274</subfield>
   <subfield code="q">00166274</subfield>
   <subfield code="t">BIO</subfield>
   <subfield code="y">0</subfield>
   <subfield code="4">17</subfield>
  </datafield>
  <datafield tag="852" ind1=" " ind2=" ">
   <subfield code="a">INST</subfield>
   <subfield code="b">UNIPILB</subfield>
   <subfield code="c">MAIN</subfield>
   <subfield code="e">20121015</subfield>
   <subfield code="h">658.403 CLE</subfield>
   <subfield code="p">00166275</subfield>
   <subfield code="q">00166275</subfield>
   <subfield code="t">BIO</subfield>
   <subfield code="y">0</subfield>
   <subfield code="4">22</subfield>
  </datafield>
  <datafield tag="852" ind1=" " ind2=" ">
   <subfield code="a">INST</subfield>
   <subfield code="b">UNIPILB</subfield>
   <subfield code="c">MAIN</subfield>
   <subfield code="e">20121015</subfield>
   <subfield code="h">658.403 CLE</subfield>
   <subfield code="p">00166276</subfield>
   <subfield code="q">00166276</subfield>
   <subfield code="t">BIO</subfield>
   <subfield code="y">0</subfield>
   <subfield code="4">21</subfield>
  </datafield>
  <datafield tag="852" ind1=" " ind2=" ">
   <subfield code="a">INST</subfield>
   <subfield code="b">UNIPILB</subfield>
   <subfield code="c">MAIN</subfield>
   <subfield code="e">20121015</subfield>
   <subfield code="h">658.403 CLE</subfield>
   <subfield code="p">00166277</subfield>
   <subfield code="q">00166277</subfield>
   <subfield code="t">BIO</subfield>
   <subfield code="y">0</subfield>
   <subfield code="4">20</subfield>
  </datafield>
  <datafield tag="852" ind1=" " ind2=" ">
   <subfield code="a">INST</subfield>
   <subfield code="b">UNIPILB</subfield>
   <subfield code="c">MAIN</subfield>
   <subfield code="e">20121015</subfield>
   <subfield code="h">658.403 CLE</subfield>
   <subfield code="p">00166278</subfield>
   <subfield code="q">00166278</subfield>
   <subfield code="t">BIO</subfield>
   <subfield code="y">4</subfield>
   <subfield code="x">20121126</subfield>
   <subfield code="4">19</subfield>
  </datafield>
  <datafield tag="852" ind1=" " ind2=" ">
   <subfield code="a">INST</subfield>
   <subfield code="b">UNIPILB</subfield>
   <subfield code="c">MAIN</subfield>
   <subfield code="e">20121015</subfield>
   <subfield code="h">658.403 CLE</subfield>
   <subfield code="p">00166279</subfield>
   <subfield code="q">00166279</subfield>
   <subfield code="t">BIO</subfield>
   <subfield code="y">0</subfield>
   <subfield code="4">18</subfield>
  </datafield>
  <datafield tag="852" ind1=" " ind2=" ">
   <subfield code="a">INST</subfield>
   <subfield code="b">UNIPILB</subfield>
   <subfield code="c">MAIN</subfield>
   <subfield code="e">20121015</subfield>
   <subfield code="h">658.403 CLE</subfield>
   <subfield code="p">00166280</subfield>
   <subfield code="q">00166280</subfield>
   <subfield code="t">BIO</subfield>
   <subfield code="y">0</subfield>
   <subfield code="4">23</subfield>
  </datafield>
  <datafield tag="852" ind1=" " ind2=" ">
   <subfield code="a">INST</subfield>
   <subfield code="b">UNIPILB</subfield>
   <subfield code="c">MAIN</subfield>
   <subfield code="e">20121015</subfield>
   <subfield code="h">658.403 CLE</subfield>
   <subfield code="p">00166281</subfield>
   <subfield code="q">00166281</subfield>
   <subfield code="t">BIO</subfield>
   <subfield code="y">0</subfield>
   <subfield code="4">28</subfield>
  </datafield>
  <datafield tag="852" ind1=" " ind2=" ">
   <subfield code="a">INST</subfield>
   <subfield code="b">UNIPILB</subfield>
   <subfield code="c">MAIN</subfield>
   <subfield code="e">20121015</subfield>
   <subfield code="h">658.403 CLE</subfield>
   <subfield code="p">00166282</subfield>
   <subfield code="q">00166282</subfield>
   <subfield code="t">BIO</subfield>
   <subfield code="y">0</subfield>
   <subfield code="4">27</subfield>
  </datafield>
  <datafield tag="852" ind1=" " ind2=" ">
   <subfield code="a">INST</subfield>
   <subfield code="b">UNIPILB</subfield>
   <subfield code="c">MAIN</subfield>
   <subfield code="e">20121015</subfield>
   <subfield code="h">658.403 CLE</subfield>
   <subfield code="p">00166283</subfield>
   <subfield code="q">00166283</subfield>
   <subfield code="t">BIO</subfield>
   <subfield code="y">0</subfield>
   <subfield code="4">26</subfield>
  </datafield>
  <datafield tag="852" ind1=" " ind2=" ">
   <subfield code="a">INST</subfield>
   <subfield code="b">UNIPILB</subfield>
   <subfield code="c">MAIN</subfield>
   <subfield code="e">20121015</subfield>
   <subfield code="h">658.403 CLE</subfield>
   <subfield code="p">00166284</subfield>
   <subfield code="q">00166284</subfield>
   <subfield code="t">BIO</subfield>
   <subfield code="y">0</subfield>
   <subfield code="4">25</subfield>
  </datafield>
  <datafield tag="852" ind1=" " ind2=" ">
   <subfield code="a">INST</subfield>
   <subfield code="b">UNIPILB</subfield>
   <subfield code="c">MAIN</subfield>
   <subfield code="e">20121015</subfield>
   <subfield code="h">658.403 CLE</subfield>
   <subfield code="p">00166285</subfield>
   <subfield code="q">00166285</subfield>
   <subfield code="t">BIO</subfield>
   <subfield code="y">0</subfield>
   <subfield code="4">24</subfield>
  </datafield>
  <datafield tag="852" ind1=" " ind2=" ">
   <subfield code="a">INST</subfield>
   <subfield code="b">UNIPILB</subfield>
   <subfield code="c">MAIN</subfield>
   <subfield code="e">20121015</subfield>
   <subfield code="h">658.403 CLE</subfield>
   <subfield code="p">00166286</subfield>
   <subfield code="q">00166286</subfield>
   <subfield code="t">BIO</subfield>
   <subfield code="y">0</subfield>
   <subfield code="4">32</subfield>
  </datafield>
  <datafield tag="852" ind1=" " ind2=" ">
   <subfield code="a">INST</subfield>
   <subfield code="b">UNIPILB</subfield>
   <subfield code="c">MAIN</subfield>
   <subfield code="e">20121015</subfield>
   <subfield code="h">658.403 CLE</subfield>
   <subfield code="p">00166287</subfield>
   <subfield code="q">00166287</subfield>
   <subfield code="t">BIO</subfield>
   <subfield code="y">0</subfield>
   <subfield code="4">31</subfield>
  </datafield>
  <datafield tag="852" ind1=" " ind2=" ">
   <subfield code="a">INST</subfield>
   <subfield code="b">UNIPILB</subfield>
   <subfield code="c">MAIN</subfield>
   <subfield code="e">20121015</subfield>
   <subfield code="h">658.403 CLE</subfield>
   <subfield code="p">00166288</subfield>
   <subfield code="q">00166288</subfield>
   <subfield code="t">BIO</subfield>
   <subfield code="y">4</subfield>
   <subfield code="x">20121119</subfield>
   <subfield code="4">30</subfield>
  </datafield>
  <datafield tag="852" ind1=" " ind2=" ">
   <subfield code="a">INST</subfield>
   <subfield code="b">UNIPILB</subfield>
   <subfield code="c">MAIN</subfield>
   <subfield code="e">20121015</subfield>
   <subfield code="h">658.403 CLE</subfield>
   <subfield code="p">00166289</subfield>
   <subfield code="q">00166289</subfield>
   <subfield code="t">BIO</subfield>
   <subfield code="y">0</subfield>
   <subfield code="4">29</subfield>
  </datafield>
  <datafield tag="852" ind1=" " ind2=" ">
   <subfield code="a">INST</subfield>
   <subfield code="b">UNIPILB</subfield>
   <subfield code="c">MAIN</subfield>
   <subfield code="e">20121015</subfield>
   <subfield code="h">658.403 CLE</subfield>
   <subfield code="p">00166290</subfield>
   <subfield code="q">00166290</subfield>
   <subfield code="t">BIO</subfield>
   <subfield code="y">0</subfield>
   <subfield code="4">37</subfield>
  </datafield>
  <datafield tag="852" ind1=" " ind2=" ">
   <subfield code="a">INST</subfield>
   <subfield code="b">UNIPILB</subfield>
   <subfield code="c">MAIN</subfield>
   <subfield code="e">20121015</subfield>
   <subfield code="h">658.403 CLE</subfield>
   <subfield code="p">00166291</subfield>
   <subfield code="q">00166291</subfield>
   <subfield code="t">BIO</subfield>
   <subfield code="y">0</subfield>
   <subfield code="4">36</subfield>
  </datafield>
  <datafield tag="852" ind1=" " ind2=" ">
   <subfield code="a">INST</subfield>
   <subfield code="b">UNIPILB</subfield>
   <subfield code="c">MAIN</subfield>
   <subfield code="e">20121015</subfield>
   <subfield code="h">658.403 CLE</subfield>
   <subfield code="p">00166292</subfield>
   <subfield code="q">00166292</subfield>
   <subfield code="t">BIO</subfield>
   <subfield code="y">0</subfield>
   <subfield code="4">35</subfield>
  </datafield>
  <datafield tag="852" ind1=" " ind2=" ">
   <subfield code="a">INST</subfield>
   <subfield code="b">UNIPILB</subfield>
   <subfield code="c">MAIN</subfield>
   <subfield code="e">20121015</subfield>
   <subfield code="h">658.403 CLE</subfield>
   <subfield code="p">00166293</subfield>
   <subfield code="q">00166293</subfield>
   <subfield code="t">BIO</subfield>
   <subfield code="y">4</subfield>
   <subfield code="x">20121119</subfield>
   <subfield code="4">34</subfield>
  </datafield>
  <datafield tag="852" ind1=" " ind2=" ">
   <subfield code="a">INST</subfield>
   <subfield code="b">UNIPILB</subfield>
   <subfield code="c">MAIN</subfield>
   <subfield code="e">20121015</subfield>
   <subfield code="h">658.403 CLE</subfield>
   <subfield code="p">00166294</subfield>
   <subfield code="q">00166294</subfield>
   <subfield code="t">BIO</subfield>
   <subfield code="y">0</subfield>
   <subfield code="4">33</subfield>
  </datafield>
  <datafield tag="856" ind1="4" ind2=" ">
   <subfield code="d">/webopac/covers/03/45911_9780495015086.jpg</subfield>
  </datafield>
  <datafield tag="856" ind1="4" ind2=" ">
   <subfield code="d">/webopac/covers/03/45911_0495015083.jpg</subfield>
  </datafield>
 </record>
</collection>
